00943 a2200229 45000010006000000050017000060080041000230030015000640400040000790800130001192450072002490200018003212640049003393000019003885050046004070410008004531000021004617000031004827000022005137000020005358560158005552968320260407155607.0260407a2003 arg spa dAR-UNSa-BCEJYS aAR-UNSa-BCEJYSbspacAR-UNSa-BCEJYS a351.824.11xServicios públicos (producción de luz, calor, energía mecánica. Industria eléctrica. Industria del gas)10aLa regulación provincial de los servicios públicos en Argentina a987-1076-26-6 1aBuenos Aires :bEdiciones Cooperativasc2003 a149 p.c20 cm. a1. Marco Legal - 2. Aspectos particulares aspa1 aHerrero, Félix1 aCastillo, Marcelo Fabián1 aSalvarregui, Juan1 aSalvioli, Pablo41uhttps://biblioeco.unsa.edu.ar/pmb/images/libros/La Regulaci?n Provincial de los Servicios P?blicos en Argentina-l86704.jpgyImagen de portadaqimage/jpeg